000 00316nam a2200109Ia 4500
008 171211s9999 xx 000 0 und d
245 _aMussels: Anatomy, Habitat and Environmental Impact
245 _cLauren E. McGevin
260 _c2011
650 _xANIMALS
856 _uhttp://down.ebook777.com/042/1617617636.pdf
999 _c348503
_d348503